<?xml version="1.0" encoding="UTF-8"?>
<collection xmlns="http://www.loc.gov/MARC21/slim">
 <record>
  <leader>01989nam a2200253   4500</leader>
  <controlfield tag="001">1/32252</controlfield>
  <controlfield tag="008">070319t2004    gr            000 0 gre  </controlfield>
  <datafield tag="035" ind1=" " ind2=" ">
   <subfield code="l">34613</subfield>
  </datafield>
  <datafield tag="040" ind1=" " ind2=" ">
   <subfield code="a">GR-PeUP</subfield>
  </datafield>
  <datafield tag="082" ind1="0" ind2="0">
   <subfield code="a">DVD-ROM 570.03 ΜΕΓ</subfield>
  </datafield>
  <datafield tag="245" ind1="0" ind2="2">
   <subfield code="a">Η μεγάλη εγκυκλοπαίδεια της ζωής</subfield>
   <subfield code="h">[DVD-Video]:</subfield>
   <subfield code="b">η 8τομη κινηματογραφική αφήγηση της εξέλιξης της ζωής στον πλανήτη γη/</subfield>
   <subfield code="c">[National Geographic Society]; [επιμέλεια ελληνικής παραγωγής: Ηλέκτρα Βενάκη].</subfield>
  </datafield>
  <datafield tag="260" ind1=" " ind2=" ">
   <subfield code="a">[Αθήνα]:</subfield>
   <subfield code="b">[ΔΟΛ Α.Ε.],</subfield>
   <subfield code="c">c2004.</subfield>
  </datafield>
  <datafield tag="300" ind1=" " ind2=" ">
   <subfield code="a">8 ψηφιακοί δίσκοι λέιζερ Η/Υ:</subfield>
   <subfield code="b">έγχρ.;</subfield>
   <subfield code="c">4 3/4 ίν.</subfield>
  </datafield>
  <datafield tag="500" ind1=" " ind2=" ">
   <subfield code="a">Ο τίτλος από την ετικέτα του τεκμηρίου.</subfield>
  </datafield>
  <datafield tag="500" ind1=" " ind2=" ">
   <subfield code="a">Στην αγγλική και ελληνική γλώσσα με ελληνικούς και αγγλικούς υπότιτλους.</subfield>
  </datafield>
  <datafield tag="500" ind1=" " ind2=" ">
   <subfield code="a">Μια συμπαραγωγή του Sea Studios Foundation και του National Geographic Television.</subfield>
  </datafield>
  <datafield tag="500" ind1=" " ind2=" ">
   <subfield code="a">Πρωτότυπη έκδοση: Sea Studios Foundation, c2001.</subfield>
  </datafield>
  <datafield tag="505" ind1="0" ind2=" ">
   <subfield code="a">Τ.1. Οι απαρχές (1 DVD-ROM). - τ.2. Εν κινήσει (1 DVD-ROM). - τ.3. Ο πρώτος κυνηγός (1 DVD-ROM). - τ.4. Η έκρηξη της ζωής (1 DVD-ROM). - τ.5. Οι κατακτητές (1 DVD-ROM). - τ.6. Το παιχνίδι της επιβίωσης (1 DVD-ROM). - τ.7. Το υπέρτατο ον (1 DVD-ROM). - τ.8. Οστά, μύες και νοημοσύνη (1 DVD-ROM).</subfield>
  </datafield>
  <datafield tag="610" ind1="2" ind2="0">
   <subfield code="a">National Geographic Society (U.S.).</subfield>
  </datafield>
  <datafield tag="650" ind1=" " ind2="4">
   <subfield code="a">DVD-ROMs.</subfield>
  </datafield>
  <datafield tag="650" ind1=" " ind2="4">
   <subfield code="a">Βιολογία</subfield>
   <subfield code="x">Εγκυκλοπαίδειες.</subfield>
  </datafield>
  <datafield tag="700" ind1="1" ind2=" ">
   <subfield code="a">Βενάκη, Ηλέκτρα.</subfield>
  </datafield>
  <datafield tag="710" ind1="2" ind2=" ">
   <subfield code="a">National Geographic Society (U.S.).</subfield>
  </datafield>
  <datafield tag="852" ind1=" " ind2=" ">
   <subfield code="a">INST</subfield>
   <subfield code="b">UNIPILB</subfield>
   <subfield code="c">MMEDIA</subfield>
   <subfield code="e">20070413</subfield>
   <subfield code="h">DVD-ROM 570.03 ΜΕΓ</subfield>
   <subfield code="p">00152411</subfield>
   <subfield code="q">00152411</subfield>
   <subfield code="t">LOAN</subfield>
   <subfield code="y">0</subfield>
   <subfield code="4">1</subfield>
  </datafield>
 </record>
</collection>
